Paradise Lost / (Record no. 2905)
[ view plain ]
| 000 -LEADER | |
|---|---|
| fixed length control field | 00902nam a22001817a 4500 |
| 003 - CONTROL NUMBER IDENTIFIER | |
| control field | OSt |
| 005 - DATE AND TIME OF LATEST TRANSACTION | |
| control field | 20230911144456.0 |
| 008 - FIXED-LENGTH DATA ELEMENTS--GENERAL INFORMATION | |
| fixed length control field | 230911b ||||| |||| 00| 0 eng d |
| 020 ## - INTERNATIONAL STANDARD BOOK NUMBER | |
| International Standard Book Number | 9798670888615 |
| 040 ## - CATALOGING SOURCE | |
| Transcribing agency | KH8 |
| 082 ## - DEWEY DECIMAL CLASSIFICATION NUMBER | |
| Classification number | 800 MIL |
| 100 ## - MAIN ENTRY--PERSONAL NAME | |
| Personal name | Milton, John, |
| Relator term | author. |
| 245 ## - TITLE STATEMENT | |
| Title | Paradise Lost / |
| Statement of responsibility, etc. | John Milton. |
| 260 ## - PUBLICATION, DISTRIBUTION, ETC. | |
| Date of publication, distribution, etc. | 2020 |
| 300 ## - PHYSICAL DESCRIPTION | |
| Extent | 205 pages; |
| Dimensions | 7.68 x 0.52 x 10.63 inches |
| 520 ## - SUMMARY, ETC. | |
| Summary, etc. | Paradise Lost is an epic poem in blank verse by the 17th-century English poet John Milton (1608–1674). It is considered to be Milton's major work, and it helped solidify his reputation as one of the greatest English poets of his time. The poem concerns the biblical story of the Fall of Man: the temptation of Adam and Eve by the fallen angel Satan and their expulsion from the Garden of Eden. Milton's purpose, as stated in Book I, is to "justify the ways of God to men." |
| 942 ## - ADDED ENTRY ELEMENTS (KOHA) | |
| Source of classification or shelving scheme | |
| Koha item type | Teaching Resources |
| Withdrawn status | Lost status | Source of classification or shelving scheme | Damaged status | Not for loan | Collection code | Permanent Location | Current Location | Shelving location | Date acquired | Full call number | Barcode | Date last seen | Price effective from | Koha item type |
|---|---|---|---|---|---|---|---|---|---|---|---|---|---|---|
| Teaching Resources | KH8 Senior School Library | KH8 Senior School Library | Staff Office | 2023-09-11 | 800 MIL | TRKHSL002807 | 2023-09-11 | 2023-09-11 | Teaching Resources | |||||
| Teaching Resources | KH8 Senior School Library | KH8 Senior School Library | Staff Office | 2023-09-11 | 800 MIL | TRKHSL002808 | 2023-09-11 | 2023-09-11 | Teaching Resources | |||||
| Teaching Resources | KH8 Senior School Library | KH8 Senior School Library | Staff Office | 2023-09-11 | 800 MIL | TRKHSL002809 | 2023-09-11 | 2023-09-11 | Teaching Resources | |||||
| Teaching Resources | KH8 Senior School Library | KH8 Senior School Library | Staff Office | 2023-09-11 | 800 MIL | TRKHSL002810 | 2023-09-11 | 2023-09-11 | Teaching Resources | |||||
| Teaching Resources | KH8 Senior School Library | KH8 Senior School Library | Staff Office | 2023-09-11 | 800 MIL | TRKHSL002811 | 2023-09-11 | 2023-09-11 | Teaching Resources | |||||
| Teaching Resources | KH8 Senior School Library | KH8 Senior School Library | Staff Office | 2023-09-11 | 800 MIL | TRKHSL002812 | 2023-09-11 | 2023-09-11 | Teaching Resources | |||||
| Teaching Resources | KH8 Senior School Library | KH8 Senior School Library | Staff Office | 2023-10-16 | 800 MIL | TRKHSL003945 | 2023-10-16 | 2023-10-16 | Teaching Resources | |||||
| Teaching Resources | KH8 Senior School Library | KH8 Senior School Library | Staff Office | 2024-10-30 | 800 MIL | TRKHSL006063 | 2024-10-30 | 2024-10-30 | Teaching Resources |